As-Level Sociology: The Revision Guide. (Record no. 300)

MARC details
005 - DATE AND TIME OF LATEST TRANSACTION
control field 20250619153250.0
020 ## - INTERNATIONAL STANDARD BOOK NUMBER
International Standard Book Number 978 1 84146 977 5
082 ## - DEWEY DECIMAL CLASSIFICATION NUMBER
Classification number 301 HAL
245 ## - TITLE STATEMENT
Title As-Level Sociology: The Revision Guide.
260 ## - PUBLICATION, DISTRIBUTION, ETC.
Place of publication, distribution, etc. Newcastle,
Name of publisher, distributor, etc. Elanders Hindson Ltd,
Date of publication, distribution, etc. 2004.
300 ## - PHYSICAL DESCRIPTION
Extent 125p.: ill.; figure.
Other physical details Glossary, Index & References.
Dimensions 29cm
700 ## - ADDED ENTRY--PERSONAL NAME
Other authors/Editors HALLAM, G. & REED, K.
856 ## - ELECTRONIC LOCATION AND ACCESS
Link text Access Online Book
Electronic name Sociology
Path www.cgpbooks.com.uk.
942 ## - ADDED ENTRY ELEMENTS (KOHA)
Source of classification or shelving scheme Dewey Decimal Classification
Koha item type Books
Holdings
Date last seen Total checkouts Full call number Barcode Cost, replacement price Price effective from Koha item type Lost status Source of classification or shelving scheme Damaged status Not for loan Withdrawn status Home library Current library Shelving location Date acquired Cost, normal purchase price
03/10/2025   301 HAL 0000001084 90000.00 03/10/2025 Books   Dewey Decimal Classification       College of Business Education Main Library College of Business Education Main Library General Collection 03/10/2025 30000.00